Responses for show #7297 - Tuesday, May 10, 2016

2016 Teachers Tournament semifinal game 2.
From DAR Constitution Hall in Washington, D.C.

Contestants

Bill Knuth, a high school special education teacher from East Lansing, Michigan

Jill Gilbert, a middle school English teacher from Des Moines, Iowa

Chris Tempro, a 9th grade math teacher from Allentown, Pennsylvania

Jeopardy! Round responses

THE NEW TESTAMENT
2016 STAMPS
"ON" THE MIDDLE
(Alex: Notice the quotation marks. The letters "O-N" will be exactly in the middle of each correct response.)
JOBS
GATES
GIANTS OF TECHNOLOGY
    $200 1
John

Chris
    $200 23
jack-o'-lanterns

Chris
    $200 6
a cottontail

Jill
    $200 8
a teacher

Bill
    $200 16
Elvis

Chris
    $200 21
Google

Chris
    $400 2
Peter

Jill
    $400 27
Chinese New Year

Chris
    $400 7
a pond

Bill
    $400 9
singers

Jill
    $400 17
the Acropolis

Chris
    $400 22
(Steve) Wozniak

Bill
    $600 3
the Mount of Olives

Jill
    $600 28
Jaime Escalante

Triple Stumper
    $600 13
a sconce

Chris
    $600 10
(Chris: What is publicist?)

manager

ChrisJill
    $1,500 18
Downing Street

Chris
    $600 24
Snapchat

Triple Stumper
    $800 4
Mary Magdalene

Jill
    $800 29
[The end-of-round signal sounds.]

the Columbia River Gorge

Triple Stumper
    $800 14
responsive

Triple Stumper
    $800 11
an author (or writer)

Jill
    $800 19
the Kremlin

Jill
    $800 25
(Chris: What is... Uber?)
...
(Alex: ...with less than a minute now.)

Lyft

Chris
Triple Stumper
    $1000 5
his friends

Chris
    $1000 15
(Bill: What is remonstrate?)

admonish

Bill
Triple Stumper
    $1000 12
a paleontologist

Chris
    $1000 20
Macau

Jill
    $1000 26
Yahoo

Jill

Scores at the first commercial break (after clue 15):

Chris Jill Bill
$2,200 $3,800 -$400

Scores at the end of the Jeopardy! Round:

Chris Jill Bill
$4,300 $6,600 $0

Double Jeopardy! Round responses

LAW FIRMS
TO THE LIGHTHOUSE!
TEACHER VOCABULARY
DOCUMENTARIES
LITERARY POTPOURRI
IT'S AN ELECTION YEAR
    $400 24
lobbying

Bill
    $400 12
(Chris: What is Cheops?)
(Jill: What is Thebes?)

Alexandria

ChrisJill
Triple Stumper
    $400 6
a tutor

Bill
    $400 11
the Rosenbergs

Bill
    $400 1
Chekhov

Jill
    $400 16
1960

Chris
    $800 25
(Bill: What are attorneys?)
(Alex: Be more specific.)
(Bill: Um, prosecutors? Prosecuting attorneys?)
...
(Alex: Less than a minute now.)

district attorneys

ChrisBill
    $800 13
Guantánamo

Chris
    $800 7
instructor

Chris
    $800 20
Birmingham

Chris
    $800 2
Mary Shelley

Chris
    $800 15
Jimmy Carter

Jill
    $1200 26
an amicus

Jill
    $1200 14
Saudi Arabia

Bill
    $1200 8
pedagogue

Jill
    $1200 21
autism

Triple Stumper
    $1200 3
The Naked and the Dead

Bill
    $1200 17
Geraldine Ferraro

Bill
    $1600 27
(Bill: What is an initial...)

intellectual property

JillBill
    $1600 9
(Jill: What is scholarly?)
(Alex: We're looking for something else.)

professorial

Jill
Triple Stumper
    $1600 22
Harvey Fierstein

Chris
    $1600 4
(Chris: Who is George Sand?)

George Eliot

ChrisJill
    $1600 18
Chicago

Chris
    $2,000 28
[The end-of-round signal sounds.]

Arkansas

Jill
    $2000 10
edify

Chris
    $2000 23
(Chris: What is Grey Mansions?)

Grey Gardens

ChrisJill
    $2000 5
The Compleat Angler

Bill
    $2000 19
(Bill: What is... 1910?)

1908

Bill
Triple Stumper

Scores at the end of the Double Jeopardy! Round:

Chris Jill Bill
$9,900 $15,400 $2,400

[wagering suggestions for these scores]

Final Jeopardy! Round responses

ART MODELS
(Alex: The woman was the sister of the artist; the gentleman was his dentist.)
BillWhat is American Gothic?
$2,400
ChrisWhat is American Gothic? Hi Joël!
$9,900
JillWhat is American Gothic?
$4,401
American Gothic

Final scores:

Chris Jill Bill
$19,800 $19,801 $4,800
2nd place: $10,000 Finalist 3rd place: $10,000

Game dynamics:

Coryat scores:

Chris Jill Bill
$9,000 $15,400 $2,400
19 R
(including 1 DD),
5 W
18 R
(including 1 DD),
2 W
10 R,
4 W

Combined Coryat: $26,800

The J! Archive is created by fans, for fans. The Jeopardy! game show and all elements thereof, including but not limited to copyright and trademark thereto, are the property of Jeopardy Productions, Inc. and are protected under law. This website is not affiliated with, sponsored by, or operated by Jeopardy Productions, Inc. Join the discussion at JBoard.tv.